书目信息 |
| 题名: |
社会与国家关系视野下的汉唐历史变迁
|
|
| 作者: | 牟发松 主编 | |
| 分册: | ||
| 出版信息: | 上海 华东师范大学出版社 2006 |
|
| 页数: | 523页 | |
| 开本: | 21cm | |
| 丛书名: | ||
| 单 册: | ||
| 中图分类: | K230.7-53 | |
| 科图分类: | ||
| 主题词: | 古代史 , 国际学术会议 | |
| 电子资源: | ||
| ISBN: | 7-5617-4544-3 | |
| 000 | 01028nam0 2200265 450 | |
| 001 | 012007806197 | |
| 005 | 20070708083338.40 | |
| 010 | @a7-5617-4544-3@dCNY29.80 | |
| 100 | @a20070628d2006 km y0chiy0120 ea | |
| 101 | 0 | @achi |
| 102 | @aCN@b310000 | |
| 105 | @ay z 000yy | |
| 106 | @ar | |
| 200 | 1 | @a社会与国家关系视野下的汉唐历史变迁@Ashe hui yu guo jia guan xi shi ye xia de han tang li shi bian qian@f牟发松主编@Fmu fa song zhu bian |
| 210 | @a上海@c华东师范大学出版社@d2006 | |
| 215 | @a523页@d21cm | |
| 330 | @a本书系2004年在上海华东师大召开的“社会与国家关系视野下的汉唐历史变迁国际学术研讨会”的论文集,本书收录提交大会的论文30余篇,论文涉及的内容较为广泛,如,从“国家与社会关系”的视角探讨唐代社会,唐代的宗教,社会节日等,秦汉以来我国封建社会的发展等等。 | |
| 606 | 0 | @a古代史 |
| 606 | 0 | @a国际学术会议 |
| 607 | @a中国@x古代史@x国际学术会议@z汉代@j文集 | |
| 607 | @a中国 | |
| 690 | @aK230.7-53@v4 | |
| 701 | 0 | @a牟发松@Amu fa song@4主编 |
| 801 | 0 | @aCN@bRULIN@c20070708 |
| 905 | @dK230.7-53@e10@s5 | |
| 社会与国家关系视野下的汉唐历史变迁/牟发松主编.-上海:华东师范大学出版社,2006 |
| 523页;21cm |
| ISBN 7-5617-4544-3:CNY29.80 |
| 本书系2004年在上海华东师大召开的“社会与国家关系视野下的汉唐历史变迁国际学术研讨会”的论文集,本书收录提交大会的论文30余篇,论文涉及的内容较为广泛,如,从“国家与社会关系”的视角探讨唐代社会,唐代的宗教,社会节日等,秦汉以来我国封建社会的发展等等。 |
| ● |
| 相关链接 |
|
|
|
|
正题名:社会与国家关系视野下的汉唐历史变迁
索取号:K230.7-53/10
 
预约/预借
| 序号 | 登录号 | 条形码 | 馆藏地/架位号 | 状态 | 备注 |
| 1 | 0583127 | 205831279 | 第二样本阅览室/ [索取号:K230.7-53/10] | 在馆 | |
| 2 | 0583128 | 205831288 | 第二借阅区/ [索取号:K230.7-53/10] | 在馆 | |
| 3 | 0583129 | 205831297 | 第二借阅区/ [索取号:K230.7-53/10] | 在馆 | |
| 4 | 0583130 | 205831304 | 第二借阅区/ [索取号:K230.7-53/10] | 在馆 | |
| 5 | 0583131 | 205831313 | 第二借阅区/ [索取号:K230.7-53/10] | 在馆 |